Statistics for Songs By First Line (The Black Dahlia Murder)

Click here to take the quiz!

General Stats

  • This quiz has been taken 2 times
  • The average score is 17 of 24

Answer Stats

First LineSong Title% Correct
Devastate, leave them weeping in your wake
A family's broken dreams with gloved hand I separate
Climactic Degradation
100%
Crawling the walls through every crack and crevice
Teems blackness washing over the windowpanes painting the buildings in between
Everything Went Black
100%
I watch the bitter tears slalom down grief stricken faces
For a moments time I feel I am the god of which they speak
In Hell Is Where She Waits For Me
100%
One thousand hands pull you down into dark waters
Victimized time of life on earth expired coldly served
Into The Everblack
100%
In between we insidious vapors shalt teem
Looming so loathsome
Miasma
100%
Father I know that you've witnessed a darkness in me
Twas spawned in shadows of the old gallow's tree
Necropolis
100%
This time it's war
Ghouls attack the church
Nightbringers
100%
Ripping from me is this haunting admission, so daunting
A complete jealousy of the recently dead
Receipt
100%
This is a reckoning
A clichéd cut of lying tongue
Statutory Ape
100%
The ripper, they've called me
Open the paper, I'm on every page you'll see
The Leather Apron's Scorn
100%
Welcome unto this wretched underworld
Where we the primordial slime we live and breed
Verminous
100%
Amidst a swirling din of smoke and screaming
On the battlefield born reared on the teat of my dead mother war
Warborn
100%
This twisted wretched place shadowed
By the utmost darks of hell
What A Horrible Night To Have A Curse
100%
You're locked in my sights
And it'd be my delight
Widowmaker
100%
The world has turned and left me here
Alone with nothing but my fears
Abysmal
50%
Why has god forsaken me?
It sank its rotten teeth into my flesh I screamed as now I'm one of them
As Good As Dead
50%
We bear the bloodline of the conqueror
Behold this war-scarred coat of arms
Black Valor
50%
A code embedded deep within,
Encrypted in vaults of bone and skin.
Moonlight Equilibrium
50%
It started as a child
When I first sought to flirt with fate
Phantom Limb Masturbation
50%
Alpha omega I am the creator, deemer of all that shall be
Hypothesis human destruction imminent, transpiring accordingly
Their Beloved Absentee
50%
Torrents of hellish winds
Tear through rebellious soul
Child Of Night
0%
In that very moment which life doth fade away
Ejected from my human shell exempt from time or space
Death Panorama
0%
Yeah, I'm running off the rails
I've finally gone crazy
I'm Charming
0%
Two pairs of headlights
Cut a night as black as coa
Matriarch
0%

Score Distribution

Percentile by Number Answered

Percent of People with Each Score

Your Score History

You have not taken this quiz